[Event "C.to Europeo U18 femminile"]
[Site "Fermo ITA"]
[Date "2009.09.06"]
[Round "6"]
[White "Brunello, Roberta"]
[Black "Andrenko, Irina"]
[Result "1/2-1/2"]
[WhiteElo "1956"]
[BlackElo "2184"]
[PlyCount "102"]
[EventDate "2009.08.31"]

1. e4 c5 2. c3 Nf6 3. e5 Nd5 4. d4 cxd4 5. Nf3 e6 6. cxd4 b6 7. Bc4 Bb7 8. O-O
Qc7 9. Bb3 d6 10. Bd2 Nd7 11. Nc3 Nxc3 12. Bxc3 dxe5 13. Nxe5 Nxe5 14. dxe5 Qc6
15. f3 Bc5+ 16. Kh1 Rd8 17. Qe2 O-O 18. Rfd1 Qc7 19. Rac1 Qe7 20. Rc2 Rxd1+ 21.
Qxd1 Qh4 22. Re2 Rd8 23. Qe1 Qf4 24. Bd2 Qf5 25. Bc3 Qh5 26. Rd2 Rf8 27. Bc2 a5
28. Qe2 Bd5 29. b3 Rc8 30. Be4 Bxe4 31. Qxe4 Qg6 32. Qxg6 hxg6 33. g3 Kf8 34.
Kg2 Ke7 35. Kf1 Ra8 36. Ke2 Rh8 37. Kd3 Bg1 38. h4 Rd8+ 39. Ke2 Rc8 40. Rc2 Kd7
41. Kd3 Rc5 42. Rg2 Rd5+ 43. Kc2 Be3 44. a4 Kc6 45. Re2 Bd4 46. Re4 Bf2 47. Rg4
Rc5 48. Kd3 Rd5+ 49. Kc2 Rc5 50. Kd3 Rd5+ 51. Kc2 Rc5 1/2-1/2

[Event "C.to Europeo U18 femminile"]
[Site "Fermo ITA"]
[Date "2009.09.06"]
[Round "6"]
[White "Eric, Jovana"]
[Black "Vojinovic, Jovana"]
[Result "0-1"]
[WhiteElo "2137"]
[BlackElo "2341"]
[PlyCount "120"]
[EventDate "2009.08.31"]

1. e4 e6 2. d4 d5 3. e5 c5 4. c3 Nc6 5. Nf3 Nh6 6. a3 Nf5 7. b4 cxd4 8. cxd4
Nh4 9. Nxh4 Qxh4 10. Be3 Bd7 11. Be2 Rc8 12. O-O a6 13. Ra2 f5 14. exf6 Qxf6
15. Bd3 g6 16. Rd2 Bg7 17. b5 axb5 18. Bxb5 O-O 19. Nc3 Nb8 20. Bxd7 Nxd7 21.
Qb3 b6 22. Nb5 Qd8 23. Re1 Nb8 24. Rde2 Nc6 25. Qd3 Qd7 26. Bd2 Rce8 27. Bc3
Rf6 28. h3 Bf8 29. Bd2 Rf7 30. Bc3 Bh6 31. Rb1 Bg5 32. Rc2 Bh4 33. Be1 Ref8 34.
Rbc1 Na7 35. Nc7 Bg5 36. Rb1 Rc8 37. Na6 Rxc2 38. Qxc2 Bd8 39. Qd3 Nc6 40. Rc1
Bg5 41. Rd1 Bd8 42. Rc1 Qb7 43. Nb4 Na5 44. Qb5 Qd7 45. Qxd7 Rxd7 46. Nc6 Nc4
47. Bb4 Bf6 48. f4 Rc7 49. Ne5 g5 50. g3 h5 51. Nf3 g4 52. hxg4 hxg4 53. Ne5
Bxe5 54. fxe5 Rf7 55. Rc3 Kg7 56. Rb3 Kg6 57. Rb1 Rf3 58. Kh2 Kf5 59. Bd6 Ke4
60. Rd1 Nxa3 0-1

[Event "C.to Europeo U18 femminile"]
[Site "Fermo ITA"]
[Date "2009.09.06"]
[Round "6"]
[White "Girya, Olga"]
[Black "Paikidze, Nazi"]
[Result "1-0"]
[WhiteElo "2266"]
[BlackElo "2298"]
[PlyCount "81"]
[EventDate "2009.08.31"]

1. e4 c6 2. d4 d5 3. e5 Bf5 4. c4 e6 5. Nc3 Ne7 6. a3 dxc4 7. Bxc4 Nd7 8. Nge2
Nb6 9. Bb3 Qd7 10. Nf4 h6 11. O-O Bh7 12. Be3 Nf5 13. Qf3 Nxd4 14. Bxd4 Qxd4
15. Rad1 Qc5 16. Bxe6 fxe6 17. Qh5+ Ke7 18. Rd6 Bf5 19. Rfd1 g5 20. Na4 Qxe5
21. Nxb6 Qxd6 22. Rxd6 axb6 23. Rxe6+ Bxe6 24. Ng6+ Kd6 25. Nxh8 Bg7 26. Ng6
Ra4 27. Qf3 Ra5 28. h4 Bf5 29. Qg3+ Ke6 30. hxg5 hxg5 31. Qxg5 Bf6 32. Qe3+ Kf7
33. Nf4 Rb5 34. b4 Re5 35. Qxb6 Re1+ 36. Kh2 Re7 37. Nh5 Bb2 38. a4 Be5+ 39. f4
Bb2 40. b5 Bc1 41. Qc5 1-0

[Event "C.to Europeo U18 femminile"]
[Site "Fermo ITA"]
[Date "2009.09.06"]
[Round "6"]
[White "Goossens, Hanne"]
[Black "Zalimaite, Ieva"]
[Result "1/2-1/2"]
[WhiteElo "1963"]
[BlackElo "1883"]
[PlyCount "138"]
[EventDate "2009.08.31"]

1. e4 e6 2. d4 d5 3. Nc3 Bb4 4. e5 c5 5. Bd2 Nc6 6. Nb5 Bxd2+ 7. Qxd2 Nxd4 8.
Nxd4 cxd4 9. f4 Qb6 10. O-O-O Ne7 11. Bd3 Bd7 12. Qe2 Qa5 13. Kb1 b5 14. Nf3
Qb6 15. Rhf1 a5 16. Qf2 Nc6 17. Qg3 Kf8 18. f5 exf5 19. e6 Bxe6 20. Qd6+ Kg8
21. Ne5 Ra6 22. Nxc6 g6 23. Ne7+ Kg7 24. Qe5+ f6 25. Nxf5+ gxf5 26. Qg3+ Kf7
27. Bxf5 Bxf5 28. Rxf5 Qc5 29. Qf2 Re8 30. g4 Ree6 31. Qh4 Kg8 32. g5 Rac6 33.
Rf2 Re4 34. Qg3 f5 35. Qd3 f4 36. Rdf1 Rce6 37. Qd2 Qe7 38. a3 b4 39. a4 Qe8
40. b3 Re1+ 41. Kb2 Rxf1 42. Rxf1 Re4 43. h4 Qe5 44. Kb1 Re3 45. Rd1 f3 46. Qf2
Qe4 47. Qg3 Rxb3+ 48. Kc1 Rc3 49. Qb8+ Kf7 50. Qb7+ Kg6 51. h5+ Kxh5 52. Rh1+
Kg4 53. Qd7+ Qf5 54. Rh4+ Kxg5 55. Rh5+ Kxh5 56. Qxf5+ Kh4 57. Qxh7+ Kg3 58.
Qg7+ Kf2 59. Qxd4+ Kf1 60. Qxd5 f2 61. Kd1 Rh3 62. Qg5 Rh2 63. Kd2 Rg2 64. Qe3
Rg7 65. Qd4 Rg3 66. Qh4 Kg2 67. Qe4+ Kg1 68. Qd4 Kg2 69. Qe4+ Kg1 1/2-1/2

[Event "C.to Europeo U18 femminile"]
[Site "Fermo ITA"]
[Date "2009.09.06"]
[Round "6"]
[White "Iordanidou, Zoi"]
[Black "Repina, Varvara"]
[Result "1-0"]
[WhiteElo "2115"]
[BlackElo "2264"]
[PlyCount "85"]
[EventDate "2009.08.31"]

1. e4 c5 2. Nc3 Nc6 3. g3 g6 4. Bg2 Bg7 5. Nh3 d6 6. O-O Nf6 7. a3 O-O 8. Rb1
c4 9. d3 cxd3 10. cxd3 Ng4 11. Kh1 Nd4 12. f3 Ne5 13. Be3 Nec6 14. Nf4 b5 15.
Nfe2 Rb8 16. b4 a5 17. Qd2 Be6 18. Nxd4 Nxd4 19. Bxd4 Bxd4 20. Ne2 Bg7 21. bxa5
Bd7 22. Nc1 Qc7 23. Nb3 Bc3 24. Rfc1 Rfc8 25. Qe3 e5 26. f4 Qd8 27. Rf1 Bxa5
28. Nxa5 Qxa5 29. f5 Qxa3 30. Bh3 d5 31. fxg6 Bxh3 32. gxf7+ Kh8 33. Qh6 Qe7
34. Qxh3 dxe4 35. dxe4 Rf8 36. Qf5 Kg7 37. Qg4+ Kh8 38. Qh5 b4 39. Rb3 Qe6 40.
Rbf3 Rb5 41. Rf6 Qc4 42. Qf5 b3 43. Re6 1-0

[Event "C.to Europeo U18 femminile"]
[Site "Fermo ITA"]
[Date "2009.09.06"]
[Round "6"]
[White "Ni, Viktorija"]
[Black "Hortensius, Lisa"]
[Result "1-0"]
[WhiteElo "2151"]
[BlackElo "2033"]
[PlyCount "79"]
[EventDate "2009.08.31"]

1. d4 d5 2. c4 e6 3. Nc3 Be7 4. cxd5 exd5 5. Qc2 Nf6 6. Bg5 O-O 7. e3 Nbd7 8.
Bd3 b6 9. Nge2 Bb7 10. O-O c5 11. f3 h6 12. Bh4 Re8 13. Rad1 Rc8 14. Bf5 Bc6
15. Bf2 Qc7 16. Qb3 Rcd8 17. Kh1 Bd6 18. Ng3 cxd4 19. exd4 g6 20. Bd3 Re7 21.
Rc1 Qb7 22. Nce2 Nf8 23. Qc2 Rc8 24. Qd2 Kg7 25. Be3 h5 26. Bh6+ Kg8 27. Bxf8
Rxf8 28. Qg5 Re6 29. Nf4 Bxf4 30. Qxf4 Kg7 31. Qg5 Rh8 32. Rfe1 Rxe1+ 33. Rxe1
Nd7 34. Nf5+ Kg8 35. Ne7+ Kf8 36. Nxg6+ fxg6 37. Qd8+ Kg7 38. Re7+ Kh6 39.
Qxh8+ Kg5 40. g3 1-0

[Event "C.to Europeo U18 femminile"]
[Site "Fermo ITA"]
[Date "2009.09.06"]
[Round "6"]
[White "Olsarova, Tereza"]
[Black "Mammadova, Gulnar Marfat Qizi"]
[Result "1-0"]
[WhiteElo "2127"]
[BlackElo "2209"]
[PlyCount "57"]
[EventDate "2009.08.31"]

1. e4 g6 2. d4 Bg7 3. Nc3 d6 4. Be3 c6 5. h3 Nd7 6. f4 Qa5 7. Qd2 b5 8. Nf3 b4
9. Nd1 c5 10. e5 Bb7 11. c3 cxd4 12. cxd4 f6 13. Be2 fxe5 14. fxe5 dxe5 15. O-O
Ngf6 16. dxe5 Ne4 17. Qe1 Nxe5 18. Nd4 Bf6 19. Bb5+ Kf7 20. Nf2 Nd6 21. Be2 Qd5
22. Nf3 Nf5 23. Bf4 Nxf3+ 24. Bxf3 Qb5 25. Ne4 Nd4 26. Bg5 Nxf3+ 27. Rxf3 Bxe4
28. Bxf6 Bxf3 29. Qxe7+ 1-0

[Event "C.to Europeo U18 femminile"]
[Site "Fermo ITA"]
[Date "2009.09.06"]
[Round "6"]
[White "Savina, Anastasia"]
[Black "Agrest, Inna"]
[Result "0-1"]
[WhiteElo "2382"]
[BlackElo "2120"]
[PlyCount "96"]
[EventDate "2009.08.31"]

1. d4 Nf6 2. c4 g6 3. Nc3 Bg7 4. e4 d6 5. Nf3 O-O 6. Be2 Nbd7 7. O-O e5 8. Be3
Re8 9. d5 Nh5 10. g3 Bf8 11. Ne1 Ng7 12. Nd3 f5 13. f3 Be7 14. Qd2 Nf6 15. c5
h5 16. cxd6 cxd6 17. h4 Rf8 18. Kg2 Nh7 19. f4 fxe4 20. Nxe4 Bf5 21. Nef2 Nf6
22. fxe5 Nxd5 23. Bh6 dxe5 24. Nxe5 Bb4 25. Qd1 Kh7 26. Bf3 Kxh6 27. Bxd5 Qe7
28. Nf3 Rad8 29. Qc1+ Kh7 30. Ng5+ Kh8 31. Qc4 Rc8 32. Qb5 Rc2 33. Qxb7 Qxb7
34. Bxb7 Bd3 35. Be4 Bxf1+ 36. Rxf1 Rxb2 37. Bxg6 Nf5 38. Bxf5 Rxf5 39. Nge4
Ba5 40. Nd6 Rd5 41. Nc4 Rxa2 42. g4 hxg4 43. Ne3 Rd4 44. Rc1 Rf4 45. Rc8+ Kg7
46. Nc2 Bb6 47. Nd3 Rd4 48. Nde1 Ba5 0-1

[Event "C.to Europeo U18 femminile"]
[Site "Fermo ITA"]
[Date "2009.09.06"]
[Round "6"]
[White "Zier, Verena"]
[Black "Dorici, Alice"]
[Result "1-0"]
[WhiteElo "1982"]
[BlackElo "1528"]
[PlyCount "57"]
[EventDate "2009.08.31"]

1. d4 d5 2. c4 c6 3. Nc3 Bf5 4. e3 Nf6 5. Nf3 Nbd7 6. Nh4 Bg6 7. Nxg6 hxg6 8.
cxd5 cxd5 9. Qb3 Qb6 10. Nxd5 Qxb3 11. Nxf6+ gxf6 12. axb3 Rc8 13. Bd2 a6 14.
Be2 e6 15. Bf3 Rc7 16. O-O Bd6 17. g3 Nf8 18. Rfc1 Rd7 19. Rc8+ Ke7 20. Rac1 e5
21. dxe5 Bxe5 22. Bb4+ Bd6 23. Bxd6+ Kxd6 24. Rd1+ Ke7 25. Rxd7+ Kxd7 26. Bxb7
Ke7 27. Bxa6 Rh5 28. Rc7+ Ke8 29. Bc4 1-0

[Event "C.to Europeo U18 femminile"]
[Site "Fermo ITA"]
[Date "2009.09.07"]
[Round "7"]
[White "Agrest, Inna"]
[Black "Ni, Viktorija"]
[Result "1-0"]
[WhiteElo "2120"]
[BlackElo "2151"]
[PlyCount "53"]
[EventDate "2009.08.31"]

1. e4 c5 2. Nf3 e6 3. d4 cxd4 4. Nxd4 a6 5. Bd3 Bc5 6. Nb3 Ba7 7. Qg4 Nf6 8.
Qg3 d6 9. Nc3 Nc6 10. Bg5 h6 11. Bd2 b5 12. O-O-O g6 13. f4 b4 14. Ne2 e5 15.
Rhf1 Qe7 16. h3 Nh5 17. Qf3 exf4 18. e5 Bb7 19. exd6 Qd7 20. Nxf4 Nxf4 21. Qxf4
O-O 22. Qxh6 Qxd6 23. Rf4 Rfe8 24. Rxf7 Kxf7 25. Qh7+ Ke6 26. Bc4+ Kf5 27. Qf7+
1-0

[Event "C.to Europeo U18 femminile"]
[Site "Fermo ITA"]
[Date "2009.09.07"]
[Round "7"]
[White "Boric, Masa"]
[Black "Kaya, Emel"]
[Result "0-1"]
[WhiteElo "1671"]
[BlackElo "1909"]
[PlyCount "90"]
[EventDate "2009.08.31"]

1. d4 Nf6 2. Nf3 g6 3. Bf4 Bg7 4. e3 d6 5. c3 O-O 6. Bd3 Nbd7 7. h3 b6 8. Nbd2
Bb7 9. O-O Qe8 10. Bh2 e5 11. dxe5 dxe5 12. e4 Nc5 13. Qe2 Nxd3 14. Qxd3 Nd7
15. Rfe1 Nc5 16. Qe3 Rd8 17. b4 Nd3 18. Red1 Qc6 19. Nb1 Qxe4 20. Qxe4 Bxe4 21.
Nbd2 Bb7 22. Nb3 Bxf3 23. gxf3 Rd6 24. Kf1 Rfd8 25. Ke2 Bh6 26. a3 Bf4 27. Bg3
g5 28. h4 Bxg3 29. fxg3 gxh4 30. gxh4 Nf4+ 31. Ke1 Ng2+ 32. Ke2 Rxd1 33. Rxd1
Rxd1 34. Kxd1 Nxh4 35. Ke2 Kg7 36. c4 Kf6 37. c5 Nf5 38. cxb6 cxb6 39. Nd2 Nd4+
40. Kd3 h5 41. Ne4+ Ke7 42. Nc3 h4 43. Ke3 Nc2+ 44. Ke4 h3 45. Ne2 Ke6 0-1

[Event "C.to Europeo U18 femminile"]
[Site "Fermo ITA"]
[Date "2009.09.07"]
[Round "7"]
[White "Iordanidou, Zoi"]
[Black "Ozturk, Kubra"]
[Result "0-1"]
[WhiteElo "2115"]
[BlackElo "2256"]
[PlyCount "130"]
[EventDate "2009.08.31"]

1. e4 e5 2. Nf3 Nc6 3. Bc4 Nf6 4. d3 Be7 5. O-O O-O 6. a4 d6 7. h3 Na5 8. Ba2
c5 9. c3 Nc6 10. Re1 h6 11. Nbd2 Re8 12. Nf1 Bf8 13. Ng3 d5 14. Qe2 Be6 15. Nh4
a6 16. Nhf5 b5 17. exd5 Bxd5 18. Bxd5 Qxd5 19. Ne4 Qe6 20. Qf3 Nd5 21. Be3 Nf4
22. Bxf4 Qxf5 23. Ng3 Qc8 24. Be3 b4 25. Nf5 Re6 26. Rac1 Qd7 27. Qg4 Kh7 28.
Ng3 Qxd3 29. Ne4 Rg6 30. Qf5 Qd5 31. Red1 Qe6 32. Qxe6 Rxe6 33. Nxc5 Bxc5 34.
Bxc5 b3 35. Rd7 Kg6 36. Rcd1 Na5 37. R1d3 Rf6 38. Rg3+ Kh7 39. Rg4 Rc8 40. Be7
Rg6 41. Rb4 Rc4 42. Rd5 Rxb4 43. cxb4 Nc4 44. Rd3 Nxb2 45. Rxb3 Nxa4 46. Ra3
Nb2 47. b5 axb5 48. Rb3 Nc4 49. Rxb5 Re6 50. Bb4 Rb6 51. Rxb6 Nxb6 52. Kf1 Nd5
53. Bd6 e4 54. Ke2 f5 55. f3 g6 56. g4 Kg7 57. Kf2 e3+ 58. Ke2 f4 59. Be5+ Kf7
60. h4 Ke6 61. Bg7 h5 62. gxh5 gxh5 63. Bd4 Ne7 64. Bc3 Nf5 65. Be1 Nd4+ 0-1

[Event "C.to Europeo U18 femminile"]
[Site "Fermo ITA"]
[Date "2009.09.07"]
[Round "7"]
[White "Kosturska, Yoana"]
[Black "Officer, Amy"]
[Result "1/2-1/2"]
[WhiteElo "1849"]
[BlackElo "1823"]
[PlyCount "75"]
[EventDate "2009.08.31"]

1. e4 c5 2. Nf3 e6 3. d3 Nc6 4. g3 b6 5. Bg2 Bb7 6. O-O Nf6 7. Re1 Be7 8. c3
O-O 9. a3 a6 10. h4 b5 11. Nh2 d5 12. e5 Nd7 13. Bf4 Qb6 14. Qg4 Kh8 15. Nf3
Bc8 16. Ng5 f5 17. Qh5 Bxg5 18. Qxg5 Ra7 19. Nd2 Ndb8 20. h5 Qd8 21. Qxd8 Nxd8
22. Be3 Rc7 23. Nb3 Nd7 24. f4 Nb7 25. a4 Nb6 26. axb5 axb5 27. Ra7 Na4 28. Rb1
Kg8 29. Na5 Rff7 30. Nxb7 Bxb7 31. Ra5 Bc6 32. c4 Ra7 33. b4 Rxa5 34. bxa5 b4
35. Kf1 Nc3 36. Rc1 Na2 37. Rb1 Nc3 38. Rc1 1/2-1/2

[Event "C.to Europeo U18 femminile"]
[Site "Fermo ITA"]
[Date "2009.09.07"]
[Round "7"]
[White "Kulon, Klaudia"]
[Black "Savina, Anastasia"]
[Result "1/2-1/2"]
[WhiteElo "2251"]
[BlackElo "2382"]
[PlyCount "154"]
[EventDate "2009.08.31"]

1. e4 c5 2. Nf3 Nc6 3. d4 cxd4 4. Nxd4 Nf6 5. Nc3 e6 6. Ndb5 d6 7. Bf4 e5 8.
Bg5 a6 9. Na3 b5 10. Nd5 Be7 11. Bxf6 Bxf6 12. c4 b4 13. Nc2 O-O 14. g3 a5 15.
h4 Be7 16. Bh3 Be6 17. Qd3 Rb8 18. Rd1 b3 19. axb3 Bxd5 20. cxd5 Nb4 21. Qd2
Nxc2+ 22. Qxc2 Rb4 23. O-O Qb6 24. Ra1 Rxb3 25. Kg2 Rb8 26. Rfb1 Bd8 27. Ra2
Qd4 28. Bg4 R3b4 29. Bf3 Rc4 30. Qe2 Rb3 31. Ra3 a4 32. Rxb3 axb3 33. Ra1 Rc2
34. Ra8 Kf8 35. Qe1 Ke7 36. Rb8 Bb6 37. Rb7+ Kf6 38. Kh3 g6 39. Bg2 Rxf2 40.
Qc1 Kg7 41. h5 Qc5 42. Qxc5 Bxc5 43. Rxb3 Bd4 44. hxg6 hxg6 45. Rf3 Rxb2 46.
Bf1 Bc5 47. Bd3 Rb4 48. Rf1 Rd4 49. Bb1 f6 50. Bc2 Rd2 51. Bb1 Bb6 52. Kg4 Rd4
53. Kh3 Rb4 54. Bc2 Rc4 55. Bd3 Rc3 56. Rd1 Bf2 57. Kg2 Be1 58. Kh3 Ra3 59. Kg4
Kh6 60. Kh4 Bf2 61. Rd2 Be3 62. Rd1 Ra4 63. Kg4 f5+ 64. Kf3 f4 65. gxf4 exf4
66. Bb5 Ra2 67. Be2 g5 68. e5 g4+ 69. Kxg4 Rxe2 70. exd6 Kg6 71. d7 Rg2+ 72.
Kf3 Rf2+ 73. Ke4 Bb6 74. Rb1 Ba5 75. Rb5 Bd8 76. Rb8 Kf7 77. Rxd8 Ke7 1/2-1/2

[Event "C.to Europeo U18 femminile"]
[Site "Fermo ITA"]
[Date "2009.09.07"]
[Round "7"]
[White "Misovic, Sanja"]
[Black "Korchagina, Viktoria"]
[Result "0-1"]
[WhiteElo "1943"]
[BlackElo "2166"]
[PlyCount "66"]
[EventDate "2009.08.31"]

1. d4 Nf6 2. c4 g6 3. Nc3 Bg7 4. e4 d6 5. f3 O-O 6. Bg5 Nc6 7. Nge2 a6 8. Qd2
Rb8 9. Nc1 e5 10. d5 Nd4 11. N3e2 c5 12. Nxd4 cxd4 13. b4 h6 14. Bh4 Nxe4 15.
Bxd8 Nxd2 16. Bc7 Nxf1 17. Rxf1 Ra8 18. Bxd6 Re8 19. Nb3 Bf5 20. Rd1 Bc2 21.
Rd2 Bxb3 22. axb3 f5 23. Bc5 a5 24. Kf2 axb4 25. f4 exf4 26. Bxd4 Bxd4+ 27.
Rxd4 Ra2+ 28. Kf3 g5 29. Rd3 Re4 30. g4 fxg3 31. Kxg3 Rg4+ 32. Kh3 Rh4+ 33. Kg3
Raxh2 0-1

[Event "C.to Europeo U18 femminile"]
[Site "Fermo ITA"]
[Date "2009.09.07"]
[Round "7"]
[White "Narva, Ann"]
[Black "Reginato, Sabrina"]
[Result "0-1"]
[WhiteElo "1689"]
[BlackElo "1880"]
[PlyCount "108"]
[EventDate "2009.08.31"]

1. e4 c5 2. Nf3 a6 3. c3 e6 4. d4 d5 5. e5 Bd7 6. Be2 cxd4 7. cxd4 Bb5 8. Bd2
Nc6 9. O-O Bxe2 10. Qxe2 Nge7 11. Na3 Nf5 12. Nc2 Be7 13. Bc3 b5 14. b4 Qb6 15.
a4 Na7 16. a5 Qc7 17. Bb2 Qc4 18. Qd2 Rc8 19. Rfc1 O-O 20. Ra3 Qc7 21. g4 Nh4
22. Nxh4 Bxh4 23. Rh3 Be7 24. Kh1 f5 25. gxf5 exf5 26. f4 Qd7 27. Rg1 Rc4 28.
Rhg3 g6 29. Qg2 Qe6 30. Ba3 Rfc8 31. Ne3 Rxd4 32. Qf2 Nc6 33. Nc2 Rc4 34. Rb3
Nxa5 35. Rb2 Nc6 36. h4 Rc3 37. Kg2 d4 38. Ra1 Qd5+ 39. Kg1 d3 40. Ne3 Qd4 41.
Rd2 Bxh4 42. Qxh4 Qxe3+ 43. Qf2 Qxf2+ 44. Kxf2 Nd4 45. Bb2 Rc2 46. Bxd4 Rxd2+
47. Ke3 Rh2 48. Kxd3 Rd8 49. Re1 Rh3+ 50. Re3 Rxd4+ 51. Kxd4 Rxe3 52. Kxe3 Kf7
53. Kd4 Ke6 54. Kc5 h5 0-1

[Event "C.to Europeo U18 femminile"]
[Site "Fermo ITA"]
[Date "2009.09.07"]
[Round "7"]
[White "Semenova, Elena"]
[Black "Uta, Adeline-Ramona"]
[Result "1-0"]
[WhiteElo "2115"]
[BlackElo "2076"]
[PlyCount "105"]
[EventDate "2009.08.31"]

1. e4 c5 2. Nc3 d6 3. f4 Nc6 4. Bb5 Bd7 5. Bxc6 Bxc6 6. Nf3 Nf6 7. d3 e6 8. e5
Nd7 9. O-O d5 10. Qe1 Be7 11. f5 O-O 12. f6 gxf6 13. Bh6 Kh8 14. Bxf8 Qxf8 15.
exf6 Bxf6 16. Qd2 Qg7 17. a4 Rg8 18. a5 e5 19. Rae1 Bd8 20. Qe2 Bxa5 21. Ra1
Bd8 22. Nd2 Qg6 23. Rf3 f5 24. Rg3 Qf7 25. Rxg8+ Qxg8 26. Rxa7 c4 27. Ra1 cxd3
28. cxd3 d4 29. Nd1 Bf6 30. b3 Nc5 31. Nb2 Nxb3 32. Nxb3 Qxb3 33. Ra8+ Kg7 34.
Qf2 f4 35. Qe2 Qf7 36. Nc4 Qe6 37. Nd2 Be7 38. Nf3 Bd6 39. Ng5 Qf5 40. Qa2 Qxg5
41. Rg8+ Kf6 42. Rxg5 Kxg5 43. Qe6 Ba3 44. Qxe5+ Kg6 45. Qxd4 Bc1 46. Qd6+ Kg7
47. d4 Be3+ 48. Kf1 Kf7 49. d5 Bb5+ 50. Ke1 b6 51. Qc7+ Kf6 52. d6 Ke6 53. Qe7+
1-0

[Event "C.to Europeo U18 femminile"]
[Site "Fermo ITA"]
[Date "2009.09.07"]
[Round "7"]
[White "Tsatsalashvili, Keti"]
[Black "Girya, Olga"]
[Result "1-0"]
[WhiteElo "2255"]
[BlackElo "2266"]
[PlyCount "83"]
[EventDate "2009.08.31"]

1. d4 Nf6 2. c4 g6 3. Nc3 Bg7 4. e4 d6 5. Nf3 O-O 6. Be2 e5 7. O-O Na6 8. Bg5
h6 9. Bh4 exd4 10. Nxd4 c6 11. f3 Nc5 12. Bf2 Nh5 13. Qd2 Kh7 14. Rad1 Re8 15.
Nxc6 bxc6 16. Bxc5 dxc5 17. Qxd8 Rxd8 18. Rxd8 Bd4+ 19. Rxd4 cxd4 20. Na4 Nf4
21. Re1 Be6 22. b3 g5 23. g3 Ng6 24. Rd1 Rd8 25. Nc5 Kg7 26. Kf2 h5 27. Nd3 Kh6
28. f4 f5 29. e5 gxf4 30. gxf4 Rc8 31. Nc5 Nxf4 32. Rxd4 Nxe2 33. Kxe2 Bf7 34.
Kf3 h4 35. Kf4 Rg8 36. e6 Bh5 37. Ke5 Rg2 38. Rxh4 Kg5 39. Rxh5+ Kxh5 40. e7
Rg8 41. Nd7 Kg6 42. Nf6 1-0

[Event "C.to Europeo U18 femminile"]
[Site "Fermo ITA"]
[Date "2009.09.07"]
[Round "7"]
[White "Van Orsouw, Svenja"]
[Black "Sargsyan, Shushanna"]
[Result "0-1"]
[WhiteElo "1781"]
[BlackElo "1916"]
[PlyCount "46"]
[EventDate "2009.08.31"]

1. e4 e6 2. d4 d5 3. Nc3 Nf6 4. Bg5 Be7 5. e5 Nfd7 6. h4 O-O 7. Qg4 f6 8. Qxe6+
Kh8 9. exf6 Nxf6 10. Qe2 Bb4 11. O-O-O Bxc3 12. bxc3 Qd6 13. Bxf6 Qa3+ 14. Kd2
Rxf6 15. Qe8+ Rf8 16. Qe3 Nc6 17. h5 Bf5 18. h6 g6 19. Nh3 Qxa2 20. Rc1 Rae8
21. Qg3 Na5 22. c4 Nxc4+ 23. Bxc4 Qxc4 0-1

[Event "C.to Europeo U18 femminile"]
[Site "Fermo ITA"]
[Date "2009.09.07"]
[Round "7"]
[White "Vojinovic, Jovana"]
[Black "Olsarova, Tereza"]
[Result "1-0"]
[WhiteElo "2341"]
[BlackElo "2127"]
[PlyCount "89"]
[EventDate "2009.08.31"]

1. Nf3 c5 2. g3 Nc6 3. Bg2 g6 4. d3 Bg7 5. O-O h5 6. e4 d6 7. c3 e5 8. a3 Nh6
9. h3 O-O 10. Be3 f6 11. d4 b6 12. b4 cxd4 13. cxd4 Bb7 14. d5 Ne7 15. Qd2 Nf7
16. Nc3 Ba6 17. Rfc1 Kh7 18. a4 Bh6 19. b5 Bxe3 20. Qxe3 Bc8 21. Na2 a5 22.
bxa6 Rxa6 23. Nc3 Bd7 24. Bf1 Ra7 25. Rcb1 Nc8 26. Kh2 Kg7 27. Nd2 Rc7 28. Bb5
Ng5 29. Bxd7 Qxd7 30. h4 Qh3+ 31. Kg1 Nf7 32. Nb5 Rc5 33. Nb3 Rc4 34. Rc1 Rb4
35. Nd2 f5 36. Rc7 f4 37. Qc3 fxg3 38. Qxg3 Qxg3+ 39. fxg3 Rb2 40. Nf3 Kh6 41.
Rac1 Rb3 42. Kg2 Rb2+ 43. Kg1 Rb3 44. Rf1 g5 45. Nxg5 1-0

[Event "C.to Europeo U18 femminile"]
[Site "Fermo ITA"]
[Date "2009.09.08"]
[Round "8"]
[White "Dorici, Alice"]
[Black "Zalimaite, Ieva"]
[Result "0-1"]
[WhiteElo "1528"]
[BlackElo "1883"]
[PlyCount "32"]
[EventDate "2009.08.31"]

1. e4 e6 2. d4 d5 3. e5 c5 4. c3 Nc6 5. Nf3 Qb6 6. Be3 Qxb2 7. Nbd2 c4 8. Qc1
Ba3 9. Qxb2 Bxb2 10. Rb1 Bxc3 11. g3 Nge7 12. Bh3 Rb8 13. O-O b5 14. a3 O-O 15.
Rfc1 Ba5 16. Rb2 c3 0-1

[Event "C.to Europeo U18 femminile"]
[Site "Fermo ITA"]
[Date "2009.09.08"]
[Round "8"]
[White "Girya, Olga"]
[Black "Agrest, Inna"]
[Result "1-0"]
[WhiteElo "2266"]
[BlackElo "2120"]
[PlyCount "61"]
[EventDate "2009.08.31"]

1. Nf3 Nf6 2. g3 g6 3. b3 Bg7 4. Bb2 d6 5. d4 O-O 6. Bg2 c6 7. O-O Bd7 8. Nbd2
Qc8 9. Re1 Bh3 10. e4 Nh5 11. Rb1 Bh6 12. Nf1 Bxg2 13. Kxg2 Qg4 14. Ng1 Qc8 15.
Ne3 e6 16. e5 d5 17. Ng4 Bg7 18. Ba3 Re8 19. Qd2 Nd7 20. Nf3 c5 21. dxc5 Nxc5
22. Nh6+ Bxh6 23. Qxh6 f5 24. exf6 Nxf6 25. Bb2 Ncd7 26. Qh4 Qd8 27. Rbd1 Rc8
28. c4 Qe7 29. cxd5 Nxd5 30. Qxe7 Rxe7 31. Rxd5 1-0

[Event "C.to Europeo U18 femminile"]
[Site "Fermo ITA"]
[Date "2009.09.08"]
[Round "8"]
[White "Helgadottir, Sigridur Bjorg"]
[Black "Zvarikova, Alexandra"]
[Result "0-1"]
[WhiteElo "1712"]
[BlackElo "1984"]
[PlyCount "62"]
[EventDate "2009.08.31"]

1. c4 e5 2. g3 Nf6 3. Bg2 d5 4. cxd5 Nxd5 5. Nc3 Nb6 6. Nf3 Nc6 7. d3 Be7 8.
O-O O-O 9. a3 Re8 10. b4 Bf8 11. Bb2 Bg4 12. Qd2 Bxf3 13. Bxf3 Nd4 14. Qd1
Nxf3+ 15. exf3 Qd7 16. Qe2 Rad8 17. Rfd1 Re6 18. Rac1 Rh6 19. g4 f5 20. d4 exd4
21. Nb5 d3 22. Qe5 c6 23. f4 Re6 24. Qxf5 g6 25. Qg5 d2 26. Rb1 cxb5 27. f5 Qe7
28. f6 Re1+ 29. Kg2 Qe4+ 30. Kg3 Rd3+ 31. Kh4 Qf3 0-1

[Event "C.to Europeo U18 femminile"]
[Site "Fermo ITA"]
[Date "2009.09.08"]
[Round "8"]
[White "Labedz, Patrycja"]
[Black "Repina, Varvara"]
[Result "0-1"]
[WhiteElo "2044"]
[BlackElo "2264"]
[PlyCount "86"]
[EventDate "2009.08.31"]

1. e4 e5 2. Nf3 Nc6 3. Bc4 Nf6 4. d3 h6 5. c3 g6 6. b4 a6 7. Qb3 Qe7 8. a4 Bg7
9. Nbd2 O-O 10. h3 Nh5 11. g3 Kh7 12. Bb2 Nd8 13. Qc2 c6 14. a5 Ne6 15. O-O-O
Nc7 16. Bb3 d5 17. Rde1 d4 18. Nc4 c5 19. bxc5 dxc3 20. Bxc3 Qxc5 21. Bxe5 Bxe5
22. Ncxe5 Qxa5 23. Bxf7 Kg7 24. Qb2 Nf6 25. Bb3 Be6 26. Nc4 Qb4 27. e5 Nfd5 28.
Nd4 b5 29. Nd6 Qc5+ 30. Bc2 Nb4 31. Nxe6+ Nxe6 32. Kb1 Nd4 33. Rc1 Nbxc2 34.
Rxc2 Qxc2+ 35. Qxc2 Nxc2 36. Kxc2 Rxf2+ 37. Kc3 Rb8 38. Kd4 b4 39. e6 Kf8 40.
Re1 Ke7 41. Ne4 Rc2 42. Nc5 b3 43. Rf1 Rd8+ 0-1

[Event "C.to Europeo U18 femminile"]
[Site "Fermo ITA"]
[Date "2009.09.08"]
[Round "8"]
[White "Ni, Viktorija"]
[Black "Semenova, Elena"]
[Result "1/2-1/2"]
[WhiteElo "2151"]
[BlackElo "2115"]
[PlyCount "158"]
[EventDate "2009.08.31"]

1. Nf3 d5 2. d4 Nf6 3. c4 c6 4. Qc2 dxc4 5. Qxc4 Bf5 6. g3 e6 7. Bg2 Nbd7 8.
O-O Be7 9. Nc3 O-O 10. a4 Rc8 11. a5 Ne4 12. Ne5 b5 13. axb6 Nxb6 14. Qa6 Qxd4
15. Nf3 Qb4 16. Nxe4 Bxe4 17. b3 Bf6 18. Ba3 Qb5 19. Bxf8 Bxa1 20. Qxb5 cxb5
21. Rxa1 Kxf8 22. Nd4 Bxg2 23. Kxg2 Ra8 24. Ra6 b4 25. Nc6 Nd7 26. Nxb4 Nc5 27.
Ra3 Rb8 28. Nc6 Rb6 29. Ne5 Rxb3 30. Rxa7 Rb7 31. Ra5 Nd7 32. Nc6 g6 33. h4 Rc7
34. Nd4 h5 35. Ra8+ Kg7 36. Re8 Nf6 37. Rb8 Nd7 38. Ra8 Nb6 39. Ra6 Nd7 40.
Rxe6 Rc4 41. Rd6 Nf6 42. f3 Ne8 43. Rd7 Nf6 44. Ne6+ Kg8 45. Rd8+ Kh7 46. Rf8
fxe6 47. Rf7+ Kh6 48. Rxf6 Rc6 49. g4 hxg4 50. fxg4 Kg7 51. g5 Rc4 52. Kg3 Re4
53. Kf3 Rxh4 54. Rxe6 Kf7 55. Re5 Ra4 56. Re4 Ra5 57. Kf4 Ra1 58. Re5 Rf1+ 59.
Ke4 Rg1 60. e3 Ra1 61. Rb5 Rg1 62. Kf4 Rf1+ 63. Ke4 Rg1 64. Kd4 Ke6 65. e4 Rd1+
66. Ke3 Re1+ 67. Kf3 Rf1+ 68. Kg3 Re1 69. Rb6+ Ke5 70. Rxg6 Rxe4 71. Rf6 Ra4
72. Rf3 Rb4 73. Kh3 Ke6 74. g6 Ke7 75. Rf7+ Ke8 76. Ra7 Kf8 77. Rf7+ Kg8 78.
Rc7 Rb6 79. g7 Rh6+ 1/2-1/2